| 000 | 00539nam a2200205Ia 4500 | ||
|---|---|---|---|
| 005 | 20250326140555.0 | ||
| 008 | 250326s9999 xx 000 0 und d | ||
| 020 | _a0 471 3383 9 | ||
| 037 | _aTextbook | ||
| 040 |
_aFMSL _beng _cFMSL |
||
| 041 |
_aeng _2eng |
||
| 084 |
_aX:9.8 N8 _qFMSL |
||
| 100 |
_aStone R J _9742609 |
||
| 245 | 0 |
_aHuman resource management _cStone R J |
|
| 250 | _aEd 2 | ||
| 260 |
_aNew York _bNew York, Johan Wiley _c1998 |
||
| 300 | _a872p | ||
| 942 |
_cTB _hX:9.8 N8 |
||
| 999 |
_c1286381 _d1286381 |
||